Normal view MARC view

Entry Topical Term

Number of records used in: 1

001 - CONTROL NUMBER

  • control field: 73138

003 - CONTROL NUMBER IDENTIFIER

  • control field: dpl

005 - DATE AND TIME OF LATEST TRANSACTION

  • control field: 20241022122330.0

008 - FIXED-LENGTH DATA ELEMENTS

  • fixed length control field: 241022|| aca||aabn | a|a d

040 ## - CATALOGING SOURCE

  • Original cataloging agency: dpl
  • Transcribing agency: dpl

150 ## - HEADING--TOPICAL TERM

  • Topical term or geographic name as entry element: हिन्दी

670 ## - SOURCE DATA FOUND

  • Source citation: Work cat.: (dpl)203413: श्रीचन्दानी, सुरेश कुमार 73137, मन के शम का अभ्यास/, 2021

© Delhi Public Library
Hit Counter
free hit counter